000 00296nam a22001217a 4500
008 171123b xxu||||| |||| 00| 0 eng d
041 _aeng
080 _a574
100 _a9
101 _aMJE
245 _aINSTRUMENTATION AND MEASUREMENT FOR ENVIRONMENTAL SCIENCES
_cHENRY,Z.A
942 _2udc
_cBK
999 _c38398
_d38398